000 00714cam a2200241 a 4500
999 _c17631
_d17631
001 11828783
003 OSt
005 20190701130449.0
008 990628s1999 ke f000 0 eng
010 _a 99890991
035 _a(DLC) 99890991
040 _aSEKU
050 0 0 _aHC 865 .Z9
_bk46
110 1 _aKenya.
245 1 0 _aNational poverty eradication plan.
260 _a[Nairobi] :
_bRepublic of Kenya, Office of the President, Dept. of Development Co-ordination,
_c[1999]
300 _a99p.
500 _a"1999-2015"--Cover.
650 0 _aEconomic assistance, Domestic
_zKenya.
650 0 _aPoverty
_zKenya.
710 1 _aKenya.
_bDepartment of Development Co-ordination.
942 _2lcc
_cGEN